Los 7 secretos básicos de la dicha conyugal /

Spremljeno u:
Bibliografski detalji
Glavni autor: Betcher, William (autor)
Daljnji autori: Macauley, Robie (autor) (autor), Quirarte, Ignacio (traducción) (traducción)
Format: Knjiga
Jezik:španjolski
Izdano: México : Selector, 1993, c1991
Oznake: Dodaj oznaku
Bez oznaka, Budi prvi tko označuje ovaj zapis!

MARC

LEADER 00000nam^a2200000^a^4500
001 000449505
005 20250521000000.0
009 20260310123723.56
020 |a 968-403-600-0 
037 |a Acervo Xavier Clavigero 
041 |a ESP 
091 |a FCA. 02906 
100 |a Betcher, William  |e (autor) 
245 1 4 |a Los 7 secretos básicos de la dicha conyugal / 
264 4 |a México :  |b Selector,  |c 1993, c1991 
300 |a 216 p. 
336 |a texto  |b txt  |2 rdacontenido 
337 |a sin mediación  |b n  |2 rdamedio 
338 |a volumen  |b nc  |2 rdasoporte 
649 |a XX 
700 |a Macauley, Robie  |e (autor) 
700 |a Quirarte, Ignacio  |e (traducción) 
910 |a Fondo Xavier Cacho Vázquez S.J. 
920 |a Impresos - Libros 
930 |a Fondos Especiales 
905 |a 131 
901 |a 0500374334  |b IT2  |c ESP  |i D  |u 20250521 
902 |a https://opac.biblio.iteso.mx/vufind/Record/000449505